[Event "IECG CP.2000.P.00122"]
[Site "IECG email"]
[Date "2000.10.01"]
[Round "?"]
[White "Mills, Keshia"]
[Black "Venturas, Bob"]
[Result "0-1"]
[WhiteElo "867"]
[BlackElo "561"]
[PlyCount "51"]
[EventDate "2000.10.01"]
[EventType "tourn (corr)"]
[EventRounds "6"]
[EventCountry "ARG"]
[SourceTitle "Corr 2008"]
[Source "ChessBase"]
[SourceDate "2008.06.24"]
[SourceVersion "1"]
[SourceVersionDate "2008.06.24"]
[SourceQuality "1"]

1. e4 e5 2. Nf3 Nf6 3. Nxe5 Qe7 4. d4 d6 5. Nf3 Nxe4 6. Be2 h6 7. 0-0 g5 8. Re1 a6 9. Bc4 Bg7 10. Nc3 Bf5 11. Bd5 0-0 12. Bxb7 Ra7 13. Bxe4 Bxe4 14. Rxe4 Qd7 15. Nd5 Qc6 16. Ne7+ Kh8 17. Nxc6 Nxc6 18. h3 d5 19. Re2 f5 20. Re6 Nd8 21. Re7 g4 22. Ne5 gxh3 23. Ng6+ Kh7 24. Nxf8+ Kg8 25. Re8 Ra8 26. Ne6+ 0-1

[Event "IECG QN.2000.0.00134"]
[Site "IECG email"]
[Date "2000.08.13"]
[Round "?"]
[White "Dwyer, Daniel J"]
[Black "Mills, Keshia"]
[Result "0-1"]
[WhiteElo "800"]
[BlackElo "800"]
[PlyCount "32"]
[EventDate "2000.08.13"]
[EventType "tourn (corr)"]
[EventRounds "6"]
[SourceTitle "Corr 2008"]
[Source "ChessBase"]
[SourceDate "2008.06.24"]
[SourceVersion "1"]
[SourceVersionDate "2008.06.24"]
[SourceQuality "1"]

1. d4 d5 2. c4 e6 3. Nc3 Bb4 4. Qc2 dxc4 5. e4 Qxd4 6. Nf3 Bxc3+ 7. bxc3 Qd6 8. Bxc4 Nd7 9. 0-0 Qc6 10. Qd3 Ngf6 11. e5 Nc5 12. Qd2 Nfe4 13. Qd4 b5 14. Rd1 0-0 15. Bb3 Nxb3 16. axb3 Nxc3 0-1

[Event "IECG QN.2000.0.00109"]
[Site "IECG email"]
[Date "2000.04.10"]
[Round "?"]
[White "Mills, Keshia"]
[Black "Ash, Ian"]
[Result "1-0"]
[WhiteElo "800"]
[BlackElo "781"]
[PlyCount "51"]
[EventDate "2000.04.10"]
[EventType "tourn (corr)"]
[EventRounds "6"]
[SourceTitle "Corr 2008"]
[Source "ChessBase"]
[SourceDate "2008.06.24"]
[SourceVersion "1"]
[SourceVersionDate "2008.06.24"]
[SourceQuality "1"]

1. e4 c6 2. Nf3 d5 3. Nc3 dxe4 4. Nxe4 Bf5 5. Ng3 Bg6 6. Bc4 e6 7. Ne5 Nd7 8. Nxg6 hxg6 9. d4 Ngf6 10. c3 Qc7 11. Bg5 Bd6 12. Qf3 Nb6 13. Bb3 Nfd5 14. c4 Bb4+ 15. Kf1 Ne7 16. a3 Ba5 17. Ba2 Nf5 18. Nxf5 gxf5 19. b4 Rxh2 20. Ke2 Bxb4 21. axb4 Rxh1 22. Rxh1 f6 23. c5 Nc8 24. Bxf6 gxf6 25. Rh8+ Kd7 26. Qb3 1-0